[Event "London Chess Classic FIDE Open"]
[Site "London ENG"]
[Date "2010.12.10"]
[Round "3"]
[White "Quinn, John M"]
[Black "Phillips, William"]
[Result "0-1"]
[WhiteElo "2149"]
[BlackElo "1977"]
[WhiteFideId "405043"]
[BlackFideId "414344"]
[EventDate "2010.12.10"]

1. d4 d6 2. Nf3 g6 3. c4 Nf6 4. Nc3 Bg7 5. h3 O-O 6. e4 e5 7. d5 Ne8 8. g4 f5 9.
gxf5 gxf5 10. Bg5 Qd7 11. Rg1 fxe4 12. Nxe4 Qf5 13. Nfd2 Nd7 14. Rg3 Ndf6 15.
Bd3 Nxe4 16. Nxe4 Qf7 17. Qe2 Kh8 18. O-O-O Bf5 19. Rdg1 Bg6 20. Be3 Qf5 21. Rg5
Qf3 22. Qxf3 Rxf3 23. R5g3 Rxg3 24. Rxg3 Nf6 25. f3 Nh5 26. Rg1 Rf8 27. Be2 Nf4
28. Bf1 Nxh3 29. Bxh3 Rxf3 30. Rg3 Bxe4 31. Rxf3 Bxf3 32. Kd2 a5 33. Bg5 e4 34.
Bd8 Bxb2 35. Bxc7 Bd4 36. Bxa5 e3+ 37. Kd3 Bc5 38. Bc3+ Kg8 39. Bf1 h5 40. Be1
Kg7 41. Bh4 Kg6 42. Be7 Kf5 43. Bh3+ Kf4 44. Bh4 Bg4 45. Bg2 Bf5+ 46. Ke2 Bb4
47. Bf1 Ba3 48. Bf6 Bb1 49. Bd4 Bc5 50. Bxc5 dxc5 51. d6 Bf5 52. Bg2 Bg4+ 53.
Kf1 Ke5 54. Bxb7 Kxd6 55. a4 Kc7 56. Bd5 Kb6 57. Kg2 Ka5 58. Bc6 Kb4 59. Kf1 h4
60. Kg2 Kxc4 61. a5 Bc8 62. Kf3 Kb4 63. Kxe3 Kxa5 64. Bd5 Kb4 65. Kd3 Bf5+ 66.
Kd2 h3 67. Ke3 c4 68. Kf4 c3 0-1

[Event "London Chess Classic FIDE Open"]
[Site "London ENG"]
[Date "2010.12.10"]
[Round "3"]
[White "Szalontay, Mihaly"]
[Black "Zymberi, Astrit"]
[Result "1-0"]
[WhiteElo "1977"]
[BlackElo "2148"]
[WhiteFideId "746967"]
[BlackFideId "4700295"]
[EventDate "2010.12.10"]

1. e4 c5 2. c3 d5 3. exd5 Qxd5 4. d4 Nf6 5. Nf3 Nc6 6. Be2 cxd4 7. cxd4 e6 8.
Nc3 Qd6 9. O-O Be7 10. Nb5 Qd8 11. Bf4 Nd5 12. Bg3 O-O 13. Bc4 a6 14. Bxd5 exd5
15. Nc7 Rb8 16. Qb3 Bd6 17. Qxd5 Bxc7 18. Qxd8 Bxd8 19. d5 Ra8 20. dxc6 bxc6 21.
Rac1 Bf6 22. Be5 Bxe5 23. Nxe5 Be6 24. b3 a5 25. Nxc6 a4 26. Nd4 axb3 27. Nxe6
fxe6 28. axb3 Rab8 29. Rc3 Rb6 30. Rfc1 h6 31. h4 Rf5 32. Rg3 Rb4 33. Rc8+ Rf8
34. Rxf8+ Kxf8 35. Rf3+ Ke7 36. g3 e5 37. Kf1 Ke6 38. Ke2 Rb7 39. Kd2 e4 40. Re3
Kd5 41. Kc3 Rf7 42. Re2 Rc7+ 43. Kb2 Rf7 44. Rd2+ Kc5 45. Rc2+ Kd4 46. b4 Rf3
47. Ka2 Rf5 48. Rb2 Rb5 49. Kb3 Kd3 50. Ka4 Rb8 51. b5 Kc3 52. Rb3+ Kc4 53. Rb4+
Kc5 54. b6 Rb7 55. Ka5 Rb8 56. b7 g5 57. h5 g4 58. Rb5+ Kc6 59. Ka6 e3 60. fxe3 1-0

[Event "London Chess Classic FIDE Open"]
[Site "London ENG"]
[Date "2010.12.10"]
[Round "3"]
[White "De Lagontrie, Jean"]
[Black "Valenti, Richard"]
[Result "0-1"]
[WhiteElo "1948"]
[BlackElo "2124"]
[WhiteFideId "605271"]
[BlackFideId "602752"]
[EventDate "2010.12.10"]

1. d4 d6 2. c4 e5 3. Nf3 e4 4. Ng5 f5 5. g3 c6 6. Bg2 Be7 7. Nh3 Nf6 8. O-O Nbd7
9. Nc3 Nb6 10. b3 d5 11. c5 Nbd7 12. b4 a6 13. a4 Nf8 14. Bf4 Ne6 15. e3 O-O 16.
Qe2 h6 17. Be5 Ng4 18. Rad1 g5 19. Kh1 Nxe5 20. dxe5 Qc7 21. f4 exf3 22. Bxf3
Qxe5 23. Nxd5 cxd5 24. Bxd5 Kg7 25. Bg2 Rd8 26. Nf2 Rxd1 27. Rxd1 Nc7 28. Nd3
Qe6 29. e4 fxe4 30. Bxe4 Bd7 31. Qg2 Qxe4 32. Qxe4 Bc6 33. Qxc6 bxc6 34. Ne5 Rd8
35. Rxd8 Bxd8 36. Nxc6 Bf6 37. Kg2 Kf7 38. Kf3 Ke6 39. Ke4 h5 40. h3 Nd5 41. Kd3
Nc3 42. Nb8 Nxa4 43. Nxa6 Be5 44. g4 hxg4 45. hxg4 Kd5 46. Ke3 Bf4+ 47. Kd3 Kc6
48. Kc4 Nb2+ 49. Kb3 Kb5 0-1

[Event "London Chess Classic FIDE Open"]
[Site "London ENG"]
[Date "2010.12.10"]
[Round "3"]
[White "Sreeves, Clement"]
[Black "Millward, Kevin P"]
[Result "1-0"]
[WhiteElo "2104"]
[BlackElo "1954"]
[WhiteFideId "2402564"]
[BlackFideId "404721"]
[EventDate "2010.12.10"]

1. e4 b6 2. d4 Bb7 3. Bd3 Nf6 4. Nd2 Nc6 5. c3 e5 6. Ngf3 d6 7. Bb5 Nd7 8. Qa4
Ncb8 9. dxe5 c6 10. Be2 Nxe5 11. Nxe5 dxe5 12. Nf3 Nd7 13. b4 Be7 14. Be3 O-O
15. O-O Qc7 16. Rfd1 Rfd8 17. Qb3 Rac8 18. Bc4 Rf8 19. Be6 Rcd8 20. Bxd7 Rxd7
21. Rxd7 Qxd7 22. Nxe5 Qc7 23. Nd3 c5 24. Qc4 Qc6 25. bxc5 Qxe4 26. Qxe4 Bxe4
27. Ne5 bxc5 28. Rd1 f6 29. Rd7 Re8 30. Nc4 Rd8 31. Rxd8+ Bxd8 32. Bxc5 Bd5 33.
Ne3 Bxa2 34. Bxa7 Kf7 35. Kf1 Ke6 36. Ke2 f5 37. f3 Bf6 38. Bd4 Bxd4 39. cxd4 f4
40. Nd1 1-0

[Event "London Chess Classic FIDE Open"]
[Site "London ENG"]
[Date "2010.12.10"]
[Round "3"]
[White "Eden, Tomer"]
[Black "Barton, R Alan"]
[Result "1-0"]
[WhiteElo "2182"]
[BlackElo "2103"]
[WhiteFideId "2808439"]
[BlackFideId "404233"]
[EventDate "2010.12.10"]

1. b3 d6 2. Bb2 Nd7 3. g3 Ngf6 4. Bg2 g6 5. d3 Bg7 6. Nf3 O-O 7. O-O e5 8. c4
Nh5 9. Nc3 f5 10. e4 f4 11. d4 exd4 12. Nxd4 Ne5 13. Qd2 f3 14. Bh1 Bh3 15. Rfd1
Qd7 16. Nd5 Rf7 17. Rac1 c6 18. Ne3 c5 19. Nb5 Nf4 20. gxf4 Rxf4 21. Qd5+ Nf7
22. Bxg7 Rg4+ 23. Bg2 Rxg2+ 24. Nxg2 Qg4 25. Kf1 Kxg7 26. Nxd6 Qxg2+ 27. Ke1
Qg1+ 28. Kd2 Qxf2+ 29. Kc3 Qe3+ 30. Kb2 Nxd6 31. Qe5+ Kh6 32. Qg3 Qe2+ 33. Ka1
Bg2 34. Qh4+ Kg7 35. Rxd6 Rf8 36. Rd7+ Rf7 37. Rcd1 Qxd1+ 38. Rxd1 f2 39. Qg3
f1=Q 40. Rxf1 Bxf1 41. Qe5+ Kh6 42. Qxc5 b6 43. Qe3+ Kh5 44. e5 Kg4 45. e6 Re7
46. Qe4+ Kh3 47. Qf3+ Kxh2 48. Qf2+ Bg2 49. Qh4+ Bh3 50. Qxe7 1-0

[Event "London Chess Classic FIDE Open"]
[Site "London ENG"]
[Date "2010.12.10"]
[Round "3"]
[White "Warman, Simon M"]
[Black "Haria, Ravi"]
[Result "1/2-1/2"]
[WhiteElo "2099"]
[BlackElo "1952"]
[WhiteFideId "408867"]
[BlackFideId "415820"]
[EventDate "2010.12.10"]

1. e4 e6 2. d4 d5 3. Nd2 Nf6 4. Bd3 c5 5. e5 Nfd7 6. c3 Nc6 7. Qg4 cxd4 8. cxd4
f5 9. Qf4 Be7 10. Ndf3 O-O 11. Ne2 Nb4 12. Bb1 b6 13. a3 Nc6 14. g4 Ba6 15. gxf5
Bxe2 16. Kxe2 exf5 17. Bxf5 g6 18. Be6+ Kh8 19. Qe3 Rxf3 20. Kxf3 Ndxe5+ 21.
dxe5 Bc5 22. Qg5 Nd4+ 23. Kg2 Nxe6 24. Qxd8+ Rxd8 25. b4 Bd4 26. Rb1 Bxe5 27.
Re1 Nf4+ 28. Bxf4 Bxf4 29. Re7 a6 30. Rb7 b5 31. Re1 Bg5 32. Re5 d4 33. Kf1 d3
34. Ke1 Bc1 35. Ree7 Bxa3 36. Rxh7+ Kg8 37. Rh4 Bb2 38. Kd2 Bc3+ 39. Kxc3 d2 40.
Rhh7 d1=Q 41. Rhg7+ Kh8 42. Rh7+ Kg8 1/2-1/2

[Event "London Chess Classic FIDE Open"]
[Site "London ENG"]
[Date "2010.12.10"]
[Round "3"]
[White "Van Heirzeele, Daniel"]
[Black "Gregory, Philip J"]
[Result "1-0"]
[WhiteElo "2114"]
[BlackElo "2096"]
[WhiteFideId "200425"]
[BlackFideId "407852"]
[EventDate "2010.12.10"]

1. d4 d5 2. c4 c6 3. Nf3 Nf6 4. Nc3 dxc4 5. a4 Bf5 6. Ne5 e6 7. f3 Bb4 8. e4 c5
9. exf5 cxd4 10. Bxc4 O-O 11. fxe6 dxc3 12. exf7+ Kh8 13. O-O Qa5 14. Qb3 Nc6
15. Nxc6 bxc6 16. bxc3 Bxc3 17. Rb1 Bd4+ 18. Kh1 Rad8 19. Ba3 Bc5 20. Rfd1 Bxa3
21. Qxa3 Qc7 22. Qc5 Nd7 23. Qe7 h6 24. Be6 1-0

[Event "London Chess Classic FIDE Open"]
[Site "London ENG"]
[Date "2010.12.10"]
[Round "3"]
[White "Kane, Robert"]
[Black "Millward, Richard"]
[Result "0-1"]
[WhiteElo "1875"]
[BlackElo "2107"]
[WhiteFideId "420468"]
[BlackFideId "405698"]
[EventDate "2010.12.10"]

1. d4 d5 2. Bg5 Bf5 3. e3 c6 4. Bd3 Qc8 5. Ne2 Bxd3 6. Qxd3 Qg4 7. h4 Qxg2 8.
Rg1 Qh3 9. Nd2 Na6 10. a3 O-O-O 11. b4 Nf6 12. b5 cxb5 13. Nc3 Nc7 14. Nxb5 Nxb5
15. Qxb5 Qd7 16. Qb3 Kb8 17. Bf4+ Ka8 18. c4 dxc4 19. Nxc4 Nd5 20. Bh2 f6 21.
Rb1 e5 22. dxe5 Bc5 23. Nd6 Bxd6 24. exd6 Nb6 25. Rc1 Rc8 26. Rc7 Rxc7 27. dxc7
Rc8 28. e4 Qd4 29. f3 Nc4 30. Rg2 f5 31. Rc2 Nb6 32. Rd2 Qf6 33. a4 Qxh4+ 34.
Kd1 Qf6 35. Rb2 Qd4+ 36. Ke2 fxe4 37. a5 exf3+ 38. Kf1 Qc4+ 39. Qxc4 Nxc4 40.
Rb4 Nxa5 41. Rf4 b6 42. Rf7 Kb7 43. Rxg7 Nc4 44. Kf2 Na3 45. Rxh7 Nb5 46. Kxf3
Nxc7 47. Ke4 Kc6 48. Kd3 a5 49. Bxc7 Rxc7 50. Rh5 Kb7 51. Rg5 Ka6 52. Rg4 Rc6
53. Rh4 b5 54. Rg4 a4 55. Rg8 b4 56. Ra8+ Kb5 57. Rb8+ Rb6 58. Ra8 b3 59. Kc3
Rc6+ 60. Kb2 Rc2+ 61. Kb1 Kb4 62. Rb8+ Ka3 63. Ra8 Rh2 64. Rc8 Rh1+ 65. Rc1
Rxc1+ 66. Kxc1 Ka2 0-1

[Event "London Chess Classic FIDE Open"]
[Site "London ENG"]
[Date "2010.12.10"]
[Round "3"]
[White "Seymour, Timothy P"]
[Black "Marshall, Michael"]
[Result "0-1"]
[WhiteElo "2052"]
[BlackElo "1878"]
[WhiteFideId "412112"]
[BlackFideId "1409956"]
[EventDate "2010.12.10"]

1. e4 c5 2. Nf3 e6 3. c3 Nf6 4. e5 Nd5 5. d4 cxd4 6. cxd4 d6 7. a3 Bd7 8. Bd3
Bc6 9. O-O Nd7 10. Re1 dxe5 11. dxe5 Be7 12. b4 a6 13. Nbd2 Nf4 14. Bc2 Ng6 15.
Bb2 Nb6 16. Nd4 Bd5 17. Qg4 h5 18. Qg3 Bh4 19. Qe3 Bg5 20. Qe2 Nf4 21. Qd1 Nxg2
22. Rf1 Bxd2 23. Qxd2 Nc4 24. Qc1 Nxb2 25. Qxb2 Nf4 26. Qc3 Qg5+ 0-1

[Event "London Chess Classic FIDE Open"]
[Site "London ENG"]
[Date "2010.12.10"]
[Round "3"]
[White "Vachtfeidl, Petr"]
[Black "Lappas, Konstantinos"]
[Result "0-1"]
[WhiteElo "2038"]
[BlackElo "1858"]
[WhiteFideId "315028"]
[BlackFideId "4275748"]
[EventDate "2010.12.10"]

1. e4 c5 2. Nf3 d6 3. d4 cxd4 4. Nxd4 Nf6 5. Nc3 a6 6. Be3 Ng4 7. Bg5 h6 8. Bh4
g5 9. Bg3 Ne5 10. Qd2 e6 11. Be2 Be7 12. O-O-O h5 13. h3 h4 14. Bh2 Qc7 15. f4
gxf4 16. Bxf4 Nbc6 17. Nxc6 Qxc6 18. Qd4 Qc7 19. Rhf1 Bd7 20. Kb1 f6 21. Be3 Rc8
22. Rf2 b5 23. a3 Nc4 24. Bxc4 Qxc4 25. Qxc4 Rxc4 26. Bd4 e5 27. Be3 Bc6 28. Nd5
Bxd5 29. exd5 Re4 30. Bb6 Kf7 31. c3 Rb8 32. Ba5 Kg6 33. Rdf1 Rf8 34. Rf5 Re2
35. R1f2 Rxf2 36. Rxf2 f5 37. Kc2 e4 38. b3 Rc8 39. Bb4 Kg5 40. a4 f4 41. axb5
axb5 42. Kb2 Kf5 43. Rc2 f3 44. gxf3 exf3 45. c4 bxc4 46. bxc4 Kf4 47. Be1 Rg8
48. Bf2 Rg2 49. Kc3 Rxf2 50. Rxf2 Kg3 51. Rf1 Kg2 52. Rb1 f2 53. Kd3 f1=Q+ 54.
Rxf1 Kxf1 55. Ke4 Kg2 56. Kf5 Kxh3 57. Ke6 Bf8 58. Kf7 Bh6 0-1

[Event "London Chess Classic FIDE Open"]
[Site "London ENG"]
[Date "2010.12.10"]
[Round "3"]
[White "Calvert, D Ian"]
[Black "Jones, Chris S"]
[Result "1/2-1/2"]
[WhiteElo "1981"]
[BlackElo "1848"]
[WhiteFideId "406368"]
[BlackFideId "414905"]
[EventDate "2010.12.10"]

1. b3 e5 2. Bb2 d6 3. e3 f5 4. d4 e4 5. Nh3 Nf6 6. d5 c6 7. Nf4 Be7 8. Nc3 O-O
9. Be2 a5 10. O-O Na6 11. dxc6 bxc6 12. Na4 Nc7 13. Nb6 Rb8 14. Nxc8 Qxc8 1/2-1/2

[Event "London Chess Classic FIDE Open"]
[Site "London ENG"]
[Date "2010.12.10"]
[Round "3"]
[White "Larsen, Tor Ketil"]
[Black "Bratteteig, Tore-Inge"]
[Result "0-1"]
[WhiteElo "1980"]
[BlackElo "1656"]
[WhiteFideId "1508130"]
[BlackFideId "1510711"]
[EventDate "2010.12.10"]

1. e4 e6 2. d4 d5 3. Nd2 Nf6 4. e5 Nfd7 5. Bd3 c5 6. c3 Nc6 7. Ne2 Qb6 8. Nf3 f6
9. exf6 Nxf6 10. O-O cxd4 11. cxd4 Bd6 12. Re1 O-O 13. a3 e5 14. dxe5 Nxe5 15.
Be3 Nxf3+ 16. gxf3 Qd8 17. Ng3 Ne8 18. Bf1 Nf6 19. Bg5 Be7 20. Re5 d4 21. Bc4+
Kh8 22. Qd3 h6 23. Bxh6 gxh6 24. Qg6 Qd6 25. Rae1 Nh7 26. Qh5 Bg5 27. h4 Bf4 28.
Rd5 Qf6 29. Ne2 Bh3 30. Nxf4 Qxf4 31. Re4 Qc1+ 32. Kh2 Rg8 33. Qe5+ Rg7 34. Kxh3
Qxc4 35. Re1 Qc2 36. Rg1 Rg8 37. Qxg7+ Rxg7 38. Rd8+ Nf8 39. Rxf8+ Kh7 40. Rg3
Qxf2 0-1

[Event "London Chess Classic FIDE Open"]
[Site "London ENG"]
[Date "2010.12.10"]
[Round "3"]
[White "Boger, Raymond"]
[Black "Burnham, Frank"]
[Result "1-0"]
[WhiteElo "1952"]
[BlackElo "1750"]
[WhiteFideId "1507419"]
[BlackFideId "419516"]
[EventDate "2010.12.10"]

1. c4 e5 2. g3 f5 3. d4 exd4 4. Qxd4 Nc6 5. Qd3 Nf6 6. Bg2 Bb4+ 7. Nc3 Ne5 8.
Qxf5 Bxc3+ 9. bxc3 Nxc4 10. Bg5 d5 11. Qd3 c6 12. e4 Qe7 13. Ne2 Ne5 14. Qd4
dxe4 15. Bxe4 Bh3 16. f4 Neg4 17. Bxf6 Nxf6 18. Bf3 Rd8 19. Qb4 Qe3 20. Rd1
Rxd1+ 21. Kxd1 Qxf3 22. Re1 Qd3+ 23. Kc1 Ne4 24. Qd4 Qxd4 25. Nxd4 Bg2 26. Re2
Bh1 27. Re1 O-O 28. Rxh1 Nxc3 29. Kc2 Nd5 30. Rb1 Rf7 31. a4 c5 32. Nf3 b6 33.
Kb3 Rc7 34. Ne5 Ne3 35. Re1 Nf5 36. Kc4 Nd4 37. Kd5 Nc2 38. Re2 Nb4+ 39. Kd6 Rb7
40. Nd7 h6 41. Re7 Kh8 42. g4 c4 43. g5 hxg5 44. fxg5 g6 45. Re4 b5 46. axb5
Rxb5 47. Rxc4 a5 48. h4 a4 49. Nf6 Rb8 50. Rc7 Rb6+ 51. Ke5 Rxf6 52. gxf6 a3 53.
Rc8+ Kh7 54. Ra8 a2 55. Ke6 Nc2 56. Rxa2 Nd4+ 57. Kd7 Nf5 58. Ra7 Kg8 59. Ke6
Nd4+ 60. Kd5 Nf5 61. Ke4 Nxh4 62. Kf4 Ng2+ 63. Kg5 Kf8 64. Ra2 Ne3 65. Kxg6 1-0

[Event "London Chess Classic FIDE Open"]
[Site "London ENG"]
[Date "2010.12.10"]
[Round "3"]
[White "Veznik, Michael"]
[Black "McKenna, John R"]
[Result "0-1"]
[WhiteElo "1819"]
[BlackElo "1669"]
[WhiteFideId "360287"]
[BlackFideId "406180"]
[EventDate "2010.12.10"]

1. e4 c6 2. d4 d5 3. f3 g6 4. e5 Na6 5. c3 Nc7 6. Ne2 Ne6 7. Be3 Qb6 8. Qd2 Ng7
9. Ng3 Nf5 10. Nxf5 Bxf5 11. Na3 Qa5 12. Be2 h5 13. h4 e6 14. Nc2 Bxc2 15. Qxc2
Ne7 16. b4 Qc7 17. Bg5 Nf5 18. Kf2 Bg7 19. Bd3 b6 20. Rab1 b5 21. a4 a6 22. Ra1
Kd7 23. Qd2 Rhf8 24. g4 hxg4 25. fxg4 Ne7 26. Bxe7 Kxe7 27. Qg5+ f6 28. Qxg6
fxe5+ 29. Kg2 Kd6 30. dxe5+ Bxe5 31. Rhe1 Rg8 32. Qh5 Qg7 33. Rxe5 Qxe5 34.
Qxe5+ Kxe5 35. Re1+ Kf4 36. Rxe6 Rxg4+ 37. Kf2 bxa4 38. Rxc6 a3 39. Bb1 Rxh4 40.
Rd6 Rh2+ 41. Kg1 a2 42. Bxa2 Rxa2 43. Rxd5 Rg8+ 44. Kf1 Rgg2 45. Rd8 Raf2+ 46.
Ke1 Ke3 47. Re8+ Kd3 48. Rc8 Rc2 49. Kf1 Rh2 50. Kg1 Rhd2 0-1

[Event "London Chess Classic FIDE Open"]
[Site "London ENG"]
[Date "2010.12.10"]
[Round "3"]
[White "Lie, Terje"]
[Black "Bishop, Geoffrey L"]
[Result "0-1"]
[WhiteElo "1626"]
[BlackElo "1800"]
[WhiteFideId "1504916"]
[BlackFideId "417491"]
[EventDate "2010.12.10"]

1. d4 Nf6 2. c4 g6 3. Nf3 Bg7 4. g3 O-O 5. Bg2 d6 6. O-O Nc6 7. Nc3 e5 8. e3 Bg4
9. h3 Bd7 10. d5 Ne7 11. e4 c6 12. Re1 cxd5 13. cxd5 Nh5 14. Kh2 f5 15. Qe2 Nf6
16. Rd1 Rc8 17. Bg5 fxe4 18. Nxe4 Nxe4 19. Qxe4 Bf5 20. Qe3 h6 21. Bxe7 Qxe7 22.
g4 Bc2 23. Rd2 e4 24. Ne1 Be5+ 25. Kg1 Bf4 26. Qd4 Bxd2 27. Qxd2 Qg5 28. Qd4 Rc5
29. Nxc2 Rxc2 30. Qxe4 Rc1+ 31. Rxc1 Qxc1+ 32. Bf1 Kg7 33. Qe7+ Rf7 34. Qxd6 Qf4
35. Qc5 b6 36. Qc3+ Qf6 37. Qd2 Qf4 38. Qc3+ Rf6 39. Qg3 Qxg3+ 40. fxg3 Kf7 41.
Bc4 Ke7 42. a4 Kd6 43. b4 Rf3 44. Kg2 Rc3 45. Bb5 Kxd5 46. a5 Rb3 47. axb6 axb6
48. Be8 g5 49. b5 Kc5 50. h4 Rxb5 51. Bxb5 Kxb5 52. Kf3 Kc4 53. Ke4 b5 54. Kf5
b4 55. Kg6 b3 56. Kxh6 b2 57. hxg5 b1=Q 58. g6 Qh1+ 59. Kg5 Qh8 60. Kf5 Kd5 61.
g5 Qf8+ 62. Kg4 Qg7 0-1

[Event "London Chess Classic FIDE Open"]
[Site "London ENG"]
[Date "2010.12.10"]
[Round "3"]
[White "Kazmierczak, Ewa"]
[Black "Siddiqui, Nida Mishraz"]
[Result "0-1"]
[WhiteElo "1422"]
[BlackElo "1791"]
[WhiteFideId "1154877"]
[BlackFideId "7800495"]
[EventDate "2010.12.10"]

1. e4 e5 2. Nf3 Nc6 3. Bb5 a6 4. Ba4 Nf6 5. O-O Be7 6. Re1 b5 7. Bb3 O-O 8. c3
d5 9. exd5 e4 10. dxc6 exf3 11. g3 Re8 12. d4 Bd6 13. Bg5 Bg4 14. Nd2 Re2 15.
Bd5 Bxg3 16. Bxf7+ Kxf7 17. hxg3 Qd5 18. Bxf6 Kxf6 19. Nf1 Rae8 20. Ne3 R8xe3 0-1

[Event "London Chess Classic FIDE Open"]
[Site "London ENG"]
[Date "2010.12.11"]
[Round "4"]
[White "Grover, Sahaj"]
[Black "Avrukh, Boris"]
[Result "0-1"]
[WhiteTitle "IM"]
[BlackTitle "GM"]
[WhiteElo "2432"]
[BlackElo "2625"]
[WhiteFideId "5021103"]
[BlackFideId "2803895"]
[EventDate "2010.12.08"]

1. e4 e5 2. Nf3 Nc6 3. Bb5 a6 4. Ba4 Nf6 5. O-O Be7 6. Re1 b5 7. Bb3 d6 8. c3
O-O 9. h3 Nb8 10. d4 Nbd7 11. Nbd2 Bb7 12. Bc2 Re8 13. Nf1 Bf8 14. Ng3 g6 15. b3
Bg7 16. d5 Rc8 17. Be3 c6 18. c4 Nb6 19. Nd2 cxd5 20. cxd5 Nbxd5 21. exd5 Nxd5
22. Nf3 Qc7 23. Be4 Nc3 24. Rc1 Nxd1 25. Rxc7 Rxc7 26. Rxd1 d5 27. Bxd5 Rd7 28.
Bxb7 Rxd1+ 29. Kh2 Rb8 30. Bc6 f5 31. Bd2 e4 0-1

[Event "London Chess Classic FIDE Open"]
[Site "London ENG"]
[Date "2010.12.11"]
[Round "4"]
[White "Haydon, David L"]
[Black "Hebden, Mark L"]
[Result "0-1"]
[BlackTitle "GM"]
[WhiteElo "2218"]
[BlackElo "2560"]
[WhiteFideId "415405"]
[BlackFideId "400084"]
[EventDate "2010.12.08"]

1. e4 e5 2. Nf3 Nc6 3. Bb5 a6 4. Ba4 Nf6 5. O-O Be7 6. Re1 b5 7. Bb3 O-O 8. c3
d5 9. exd5 Nxd5 10. Nxe5 Nxe5 11. Rxe5 c6 12. d4 Bd6 13. Re1 Qh4 14. g3 Qh3 15.
Qd3 Be6 16. Nd2 Rae8 17. Qf1 Qh5 18. Bd1 Bg4 19. Bxg4 Qxg4 20. f3 Qg6 21. Ne4
Be7 22. Bd2 f5 23. Nf2 f4 24. Ne4 c5 25. c4 Nc7 26. d5 fxg3 27. hxg3 bxc4 28.
Re2 Nxd5 29. Rf2 Bf6 30. Qxc4 Bd4 31. Qxd5+ Kh8 32. Rf1 Rxe4 33. Qxe4 Qxg3+ 34.
Kh1 Bxf2 35. Qg4 h6 36. Be3 Be1 37. Qxg3 Bxg3 38. Bxc5 Rf5 39. Bd4 Kh7 40. Kg2
Bf4 41. Kf2 h5 42. b4 h4 43. Kg2 Rg5+ 44. Kh3 Rg3+ 45. Kxh4 Kh6 46. Bxg7+ Kxg7
47. Rd1 Kf6 48. Rd5 Rg5 49. Rd8 Bg3+ 50. Kh3 Rg6 51. a4 Be5 52. Ra8 Kf5 53. b5
Rg3+ 54. Kh4 Rxf3 0-1

[Event "London Chess Classic FIDE Open"]
[Site "London ENG"]
[Date "2010.12.11"]
[Round "4"]
[White "Williams, Simon K"]
[Black "Slavin, Alexei"]
[Result "1-0"]
[WhiteTitle "GM"]
[BlackTitle "IM"]
[WhiteElo "2493"]
[BlackElo "2425"]
[WhiteFideId "404454"]
[BlackFideId "24104388"]
[EventDate "2010.12.08"]

1. e4 c5 2. Nf3 g6 3. d4 cxd4 4. Qxd4 Nf6 5. e5 Nc6 6. Qa4 Nd5 7. Qe4 Nb6 8. Bf4
d5 9. Qe3 d4 10. Qd2 Bg4 11. Be2 Bg7 12. O-O Bxf3 13. Bxf3 Nc4 14. Bxc6+ bxc6
15. Qb4 Nxe5 16. Re1 Nd7 17. Bc7 c5 18. Bxd8 cxb4 19. Bxe7 Ne5 20. Bxb4 Kd7 21.
Nd2 Rhc8 22. Nb3 Rab8 23. Ba3 Nc6 24. Rad1 Kc7 25. c3 Re8 26. cxd4 Nxd4 27. Nxd4
Bxd4 28. Be7 Bxf2+ 29. Kxf2 Rxb2+ 30. Kf1 Kc6 31. a3 f5 32. Bb4 Rxe1+ 33. Rxe1
f4 34. Re2 Rb3 35. Re7 a5 36. Bxa5 Rxa3 37. Be1 Kd5 38. Rxh7 Ke4 39. Re7+ Kf5
40. Rf7+ Ke4 41. h4 Ke5 42. Bd2 Ra4 43. Kf2 Ra2 44. Ke2 Ra4 45. Bc3+ Kd5 46. Rf6
f3+ 47. gxf3 1-0

[Event "London Chess Classic FIDE Open"]
[Site "London ENG"]
[Date "2010.12.11"]
[Round "4"]
[White "Gormally, Daniel W"]
[Black "Stoma, Pawel"]
[Result "1-0"]
[WhiteTitle "GM"]
[WhiteElo "2470"]
[BlackElo "2351"]
[WhiteFideId "406465"]
[BlackFideId "1113569"]
[EventDate "2010.12.08"]

1. d4 c6 2. c4 d5 3. Nf3 Nf6 4. Nc3 a6 5. a4 e6 6. Bg5 Nbd7 7. e3 Qa5 8. Nd2 Bd6
9. Be2 O-O 10. Qc2 c5 11. cxd5 cxd4 12. Nc4 Qc7 13. dxe6 dxc3 14. exd7 cxb2 15.
Qxb2 Nxd7 16. Nxd6 Qa5+ 17. Qd2 Qxg5 18. O-O Nc5 19. Qb4 a5 20. Qc3 b6 21. Bf3
Rb8 22. Nxc8 Rfxc8 23. Qc4 Ne6 24. Qa2 Qf5 25. Rac1 Rc5 26. Rxc5 Nxc5 27. Rd1 h6
28. h3 Rc8 29. Bg4 1-0

[Event "London Chess Classic FIDE Open"]
[Site "London ENG"]
[Date "2010.12.11"]
[Round "4"]
[White "Gupta, Abhijeet"]
[Black "Rodriguez Lopez, Rafael"]
[Result "1-0"]
[WhiteTitle "GM"]
[BlackTitle "IM"]
[WhiteElo "2600"]
[BlackElo "2305"]
[WhiteFideId "5010608"]
[BlackFideId "2204495"]
[EventDate "2010.12.08"]

1. d4 Nf6 2. c4 e6 3. Nf3 c5 4. d5 d6 5. Nc3 exd5 6. cxd5 g6 7. g3 Bg7 8. Bg2
O-O 9. O-O Nbd7 10. a4 a6 11. h3 Rb8 12. a5 b5 13. axb6 Nxb6 14. Nd2 Re8 15. Qc2
Nh5 16. Nb3 Nc4 17. Ra4 Qb6 18. Rxc4 Qxb3 19. Qxb3 Rxb3 20. g4 Nf6 21. Ra4 Rb4
22. Bf4 Bd7 23. Rxb4 cxb4 24. Na2 Rxe2 25. Nxb4 Rxb2 26. Bxd6 Rd2 27. Rb1 a5 28.
Nc6 h5 29. Bf4 Ra2 30. Rb8+ Kh7 31. g5 Ng8 32. Rb7 Bf5 33. Rxf7 Kh8 34. d6 Ra4
35. Rxf5 gxf5 36. d7 Ra1+ 37. Bf1 Rd1 38. d8=Q Rxd8 39. Nxd8 a4 1-0

[Event "London Chess Classic FIDE Open"]
[Site "London ENG"]
[Date "2010.12.11"]
[Round "4"]
[White "Berry, Neil"]
[Black "Jones, Gawain C B"]
[Result "0-1"]
[WhiteTitle "FM"]
[BlackTitle "GM"]
[WhiteElo "2346"]
[BlackElo "2575"]
[WhiteFideId "2400650"]
[BlackFideId "409561"]
[EventDate "2010.12.08"]

1. d4 f5 2. g3 Nf6 3. Bg2 e6 4. c4 Be7 5. Nf3 d6 6. O-O O-O 7. Nc3 a5 8. b3 Ne4
9. Bb2 Nc6 10. d5 Bf6 11. dxc6 Nxc3 12. Qc2 Ne4 13. Nd2 Nxd2 14. Qxd2 b6 15. f4
Bxb2 16. Qxb2 Qf6 17. Qxf6 gxf6 18. a4 Kf7 19. Rad1 Ke7 20. e3 e5 21. Bd5 Be6
22. Kf2 h5 23. h4 Rf7 24. Bf3 Rh8 25. Rd2 e4 26. Be2 Rg7 27. Rg1 Bf7 28. Rd4 Be8
29. Rd5 Ke6 30. Rd2 Bxc6 31. Rd4 Bd7 32. Rgd1 Ke7 33. R4d2 Be6 34. Rd4 Bf7 35.
R4d2 Kd7 36. Rd4 Kc6 37. Rg1 Kc5 38. Rc1 Rd8 39. Rcd1 Kc6 40. R4d2 Kd7 41. Rd5
Bxd5 42. cxd5 c6 43. dxc6+ Kxc6 44. Bxh5 d5 45. Be2 Rdg8 46. Rg1 Kc5 47. Bb5 Kb4
48. Bc6 Rc8 49. Bxd5 Rc2+ 50. Ke1 Rd7 51. Bc4 Rc1+ 0-1